She Calls Me Back (ft. Kacey Musgraves) - Noah Kahan (All Lyrics) - Statistics

General Stats
  • This quiz has been taken 40 times
  • The average score is 330 of 378
Answer Stats
Lyrics % Correct
a
96%
back,
96%
back
96%
call
96%
eyes
96%
I
96%
in
96%
In
96%
me
96%
Oh,
96%
on
96%
She
96%
she
96%
so
96%
the
96%
To
96%
to
96%
was
96%
when
96%
When
96%
you
96%
You
96%
your
96%
Your
96%
alright
92%
am
92%
an
92%
and
92%
at
92%
baptized
92%
calls
92%
do
92%
Do
92%
don't
92%
every
92%
for
92%
For
92%
Heaven
92%
it
92%
lie
92%
not
92%
there
92%
Why
92%
why
92%
as
88%
awake
88%
But
88%
but
88%
dial
88%
edges?
88%
Everything's
88%
get
88%
Look
88%
obsessive
88%
of
88%
restless?
88%
still
88%
Still
88%
Then
88%
too
88%
Two
88%
afraid
84%
are
84%
be
84%
bite
84%
die
84%
Does
84%
footsteps
84%
Hangin'
84%
have
84%
head
84%
is
84%
long
84%
Lost
84%
Or
84%
or
84%
remind
84%
saving
84%
sentence?
84%
tattoo
84%
time
84%
up
84%
All
80%
bad
80%
blank,
80%
exist
80%
hold
80%
know
80%
left
80%
lines
80%
live
80%
Livin'
80%
livin'
80%
love
80%
news
80%
page
80%
parallel
80%
read
80%
sacrifice
80%
same
80%
This
80%
town's
80%
while
80%
could
76%
high
76%
my
76%
My
76%
old
76%
pain
76%
should
76%
That
76%
that
76%
822-993-167
72%
Hanging
72%
life
72%
sleep
72%
once
68%
only
68%
bullshit,
64%
cry
64%
heart
64%
If
64%
saved
64%
wake
64%
week
64%
it's
60%
here
56%
how
56%
they
56%
think
56%
well
56%
out
52%
tears
52%
They're
52%
(Yeah)
52%
air
48%
before
48%
cheeks
48%
gone
48%
hit
48%
Maybe
48%
maybe
48%
something's
48%
I'm
44%
runnin'
44%
changin'
36%
No matching quizzes found
Score Distribution
Percent of People with Each Score
Percentile by Number Answered
Your Score History
You have not taken this quiz